[Event "SR 2. liga A 2007/2008"]
[Site "?"]
[Date "????.??.??"]
[Round "8.8"]
[White "Danada, Ondrej"]
[Black "Sosovicka, Vladimir"]
[Result "0-1"]
[WhiteElo "1752"]
[BlackElo "1350"]
[Annotator "Jureak"]
[PlyCount "62"]
[EventDate "2007.??.??"]
[WhiteTeam "Slovakia"]
[BlackTeam "Slovakia"]
[WhiteTeamCountry "SVK"]
[BlackTeamCountry "SVK"]

1. e4 e5 2. Nf3 Nf6 3. d4 Nxe4 4. Bd3 d5 5. Nxe5 Nd7 6. Nxd7 Bxd7 7. Nd2 Nf6 8.
O-O Be7 9. Nf3 Bg4 10. Bf4 O-O 11. Re1 Bd6 12. Bxd6 Qxd6 13. Re3 Rfe8 14. Qd2
Rxe3 15. Qxe3 Re8 16. Ne5 Nd7 17. Qg3 Nxe5 18. dxe5 Qe6 19. Qe3 Qxe5 20. Qxa7
Bf5 21. Qa3 Bxd3 22. Qxd3 Qxb2 23. Qd1 d4 24. g3 c5 25. Kg2 g6 26. Rb1 Qc3 27.
Rxb7 Qc4 28. Rb3 Re2 29. Qd3 Qxc2 30. Qf3 Qxa2 31. Ra3 Rxf2+ 0-1

[Event "SR 2. liga A 2007/2008"]
[Site "?"]
[Date "2008.02.02"]
[Round "8.8"]
[White "Javor, Jozef"]
[Black "Novak, Stanislav"]
[Result "0-1"]
[WhiteElo "1373"]
[BlackElo "1999"]
[Annotator " , "]
[PlyCount "94"]
[EventDate "2007.??.??"]
[WhiteTeam "Slovakia"]
[BlackTeam "Slovakia"]
[WhiteTeamCountry "SVK"]
[BlackTeamCountry "SVK"]

1. d4 d5 2. c4 e6 3. Nf3 Nf6 4. e3 Bd6 5. Nc3 c6 6. Bd3 dxc4 7. Bxc4 b5 8. Bd3
b4 9. Ne2 c5 10. e4 Be7 11. e5 Nd5 12. Bc2 c4 13. Nf4 Nxf4 14. Bxf4 Bb7 15. O-O
O-O 16. Re1 h6 17. Qe2 Qc7 18. Rac1 Nd7 19. Bb1 Rfc8 20. Qc2 Nf8 21. Nd2 Bd5
22. Re3 Ng6 23. Bg3 Qb6 24. Qd1 Qxd4 25. Bxg6 fxg6 26. Nf3 Qxd1+ 27. Rxd1 c3
28. b3 a5 29. Nd4 a4 30. Ree1 Bc5 31. Bf4 Rd8 32. Be3 Rd7 33. Nc2 Bxe3 34. Nxe3
axb3 35. axb3 Ra3 36. Nxd5 exd5 37. e6 Re7 38. Rxd5 Rxe6 39. Kf1 Rxe1+ 40. Kxe1
Rxb3 41. Rc5 Rb2 42. h4 c2 43. g4 b3 44. Kd2 Rb1 45. f4 Rd1+ 46. Ke2 c1=Q 47.
Rxc1 Rxc1 0-1

[Event "SR 2. liga A 2007/2008"]
[Site "?"]
[Date "2008.02.02"]
[Round "8.8"]
[White "Kysel, Jozef"]
[Black "Csiba, Peter"]
[Result "0-1"]
[WhiteElo "1805"]
[BlackElo "2008"]
[PlyCount "96"]
[EventDate "2007.??.??"]
[WhiteTeam "Slovakia"]
[BlackTeam "Slovakia"]
[WhiteTeamCountry "SVK"]
[BlackTeamCountry "SVK"]

1. e4 e5 2. Nf3 Nc6 3. Bb5 a6 4. Ba4 Nf6 5. O-O Be7 6. Re1 b5 7. Bb3 O-O 8. c3
d5 9. exd5 Nxd5 10. d4 exd4 11. Nxd4 Nxd4 12. Qxd4 Bb7 13. Nd2 c5 14. Qg4 Bd6
15. Nf1 f5 16. Qd1 c4 17. Bc2 Qc7 18. Ng3 Kh8 19. Qh5 g6 20. Qd1 Qc6 21. Qf3
Rae8 22. Bh6 Rf7 23. Bg5 Be7 24. Bxe7 Rfxe7 25. Rxe7 Rxe7 26. Rf1 Kg8 27. h4
Qf6 28. Nxf5 gxf5 29. Qg3+ Qg6 30. Bxf5 Qxg3 31. fxg3 Ne3 32. Rf2 Nxf5 33. Rxf5
Re2 34. Rf2 Rxf2 35. Kxf2 Kf7 36. g4 Kf6 37. g3 Ke5 38. g5 Ke4 39. h5 Bd5 40.
g6 h6 41. Ke2 Be6 42. Kf2 a5 43. Kg2 Ke3 44. g7 Ke4 45. Kf2 Kf5 46. Ke3 Kf6 47.
Kf4 Kxg7 48. Ke5 Bg4 0-1

[Event "SR 2. liga A 2007/2008"]
[Site "?"]
[Date "????.??.??"]
[Round "9.1"]
[White "Cvicela, Anton"]
[Black "Szollos, Ondrej"]
[Result "1-0"]
[WhiteElo "2227"]
[BlackElo "2146"]
[Annotator "Jureak"]
[PlyCount "85"]
[EventDate "2007.??.??"]
[WhiteTeam "Slovakia"]
[BlackTeam "Slovakia"]
[WhiteTeamCountry "SVK"]
[BlackTeamCountry "SVK"]

1. e4 d6 2. d4 c6 3. f4 Qc7 4. Bd3 e5 5. Be3 Be7 6. Nf3 Bg4 7. h3 Bh5 8. Kf1
Bxf3 9. Qxf3 exf4 10. Bxf4 Bf6 11. c3 g5 12. Bh2 Nd7 13. Nd2 b5 14. Kf2 Nf8 15.
e5 dxe5 16. Bxb5 Rc8 17. Ba6 Rb8 18. Nc4 Ne6 19. Rhe1 h5 20. Bxe5 Bxe5 21. dxe5
Kf8 22. Kg1 Rh6 23. Rad1 g4 24. hxg4 hxg4 25. Qe3 Qe7 26. Nd6 Qh4 27. Nf5 Qh2+
28. Kf1 Rh5 29. Ng3 Rxb2 30. Be2 Nh6 31. Nxh5 Qxh5 32. Kg1 Qh4 33. Qe4 Kg7 34.
a4 Qg3 35. Qd3 Qxe5 36. Bf1 Qh5 37. c4 Ra2 38. Qc3+ Kg6 39. Re5 Nf5 40. Rxf5
Kxf5 41. Bd3+ Kg5 42. Qe5+ Kh6 43. Qxh5+ 1-0

[Event "SR 2. liga A 2007/2008"]
[Site "?"]
[Date "2008.02.03"]
[Round "9.1"]
[White "Frindt, Kornel"]
[Black "Mihalik, Marek"]
[Result "1-0"]
[WhiteElo "2190"]
[BlackElo "2111"]
[PlyCount "81"]
[EventDate "2007.??.??"]
[WhiteTeam "Slavia STU"]
[BlackTeam "Piestany"]
[WhiteTeamCountry "SVK"]
[BlackTeamCountry "SVK"]

1. d4 Nf6 2. Nf3 e6 3. Bf4 d5 4. Nbd2 c5 5. c3 Nc6 6. e3 Be7 7. h3 O-O 8. Be2
a6 9. O-O b5 10. Bd3 b4 11. Ne5 Bb7 12. g4 bxc3 13. bxc3 cxd4 14. cxd4 Nb4 15.
Bb1 Ne4 16. Nxe4 dxe4 17. a3 f6 18. axb4 fxe5 19. Bxe5 Rf3 20. Ba2 Bd5 21. Bxd5
exd5 22. Qb3 Rxh3 23. Ra5 Qd7 24. Bg3 Rd8 25. Kg2 Rh6 26. Rh1 Rb6 27. Rh5 Rb5
28. Qd1 Bxb4 29. Rxa6 Bf8 30. Rf5 Qb7 31. Qa4 Qd7 32. Ra8 Be7 33. Bc7 Rf8 34.
Raxf8+ Bxf8 35. Qa8 Qe7 36. Qc6 Rb1 37. Qxd5+ Kh8 38. Rf7 Qe8 39. Rd7 Rb2 40.
Rd8 Qe7 41. Qd6 1-0

[Event "SR 2. liga A 2007/2008"]
[Site "?"]
[Date "2008.02.04"]
[Round "9.1"]
[White "Janos, Martin"]
[Black "Tibensky, Robert"]
[Result "0-1"]
[WhiteElo "2262"]
[BlackElo "2431"]
[Annotator ",Kaiko"]
[PlyCount "110"]
[EventDate "2007.??.??"]
[WhiteTeam "Slovakia"]
[BlackTeam "Slovakia"]
[WhiteTeamCountry "SVK"]
[BlackTeamCountry "SVK"]
[TimeControl "240+2"]

{74MB, Hiarcs10.ctg} 1. e4 e6 2. d4 d5 3. Nc3 Nf6 4. e5 Nfd7 5. Bd3 c5 6. f4
Nc6 7. Nf3 cxd4 8. Nb5 Bc5 9. O-O a6 10. Na3 h6 11. Qe1 f5 12. g4 Nf8 13. gxf5
exf5 14. Nh4 g6 15. Qg3 Ne7 16. Bd2 Be6 17. b4 Bb6 18. Kh1 Qd7 19. Nb1 Qa4 20.
Nf3 Rc8 21. Qe1 Rc7 22. Qc1 Bd7 23. Qb2 Bb5 24. Qb3 Ne6 25. Na3 Bd7 26. Qb2 Kf7
27. Rac1 Rhc8 28. Nb1 Bb5 29. Qb3 Qxb3 30. axb3 Bxd3 31. cxd3 Rxc1 32. Rxc1
Rxc1+ 33. Bxc1 Nc6 34. Bd2 Bd8 35. Na3 Be7 36. Nc2 g5 37. Kg2 Kg6 38. Kg3 b5
39. h3 Bd8 40. Bc1 gxf4+ 41. Bxf4 Bg5 42. Bd2 Bxd2 43. Nxd2 f4+ 44. Kg2 Nxe5
45. Ne1 Nd8 46. Ndf3 Ndc6 47. Nxe5+ Nxe5 48. Kf2 Kg5 49. Kg2 Kh4 50. Nc2 f3+
51. Kf2 Kxh3 52. Nxd4 Kg4 53. Ke3 h5 54. Nc2 Kg3 55. Kd4 Ng4 0-1

[Event "SR 2. liga A 2007/2008"]
[Site "?"]
[Date "2008.02.03"]
[Round "9.1"]
[White "Pagerka, Martin"]
[Black "Petrik, Stanislav"]
[Result "0-1"]
[WhiteElo "2099"]
[BlackElo "2223"]
[Annotator " , "]
[PlyCount "98"]
[EventDate "2007.??.??"]
[WhiteTeam "Slovakia"]
[BlackTeam "Slovakia"]
[WhiteTeamCountry "SVK"]
[BlackTeamCountry "SVK"]
[TimeControl "240+2"]

{158MB, N200109SVK} 1. d4 Nf6 2. c4 e6 3. Nf3 b6 4. g3 Ba6 5. b3 c6 6. Bg2 d5
7. Ne5 Nfd7 8. Nxd7 Nxd7 9. O-O Rc8 10. Ba3 Bxa3 11. Nxa3 Qe7 12. Qc1 O-O 13.
e4 b5 14. Re1 bxc4 15. bxc4 Qb4 16. Rb1 Qa4 17. Qc3 dxe4 18. Bxe4 c5 19. d5
exd5 20. Bxd5 Nb6 21. Re7 Nxd5 22. cxd5 Qd4 23. Qxd4 cxd4 24. Rxa7 Be2 25. Rab7
d3 26. R7b2 Rfd8 27. Kg2 Rxd5 28. Nc4 Rdc5 29. Nd6 Rf8 30. Rd2 f5 31. a4 h6 32.
Ra2 f4 33. h4 fxg3 34. fxg3 Bf3+ 35. Kh3 Rd8 36. Rf2 Bd5 37. Nf5 Be6 38. g4 h5
39. Kg3 hxg4 40. Ne7+ Kh7 41. h5 Rxh5 42. Rd2 Rh3+ 43. Kf4 Re8 44. Rb7 Rf3+ 45.
Kg5 g3 46. a5 Rf7 47. Rxd3 g2 48. Rg3 Rfxe7 49. Rb6 Bd5 0-1

[Event "SR 2. liga A 2007/2008"]
[Site "?"]
[Date "2008.02.03"]
[Round "9.1"]
[White "Schwarz, Dusan"]
[Black "Varga, David"]
[Result "0-1"]
[WhiteElo "2292"]
[BlackElo "2272"]
[PlyCount "124"]
[EventDate "2007.??.??"]
[WhiteTeam "Slovakia"]
[BlackTeam "Slovakia"]
[WhiteTeamCountry "SVK"]
[BlackTeamCountry "SVK"]

1. Nf3 Nf6 2. c4 e6 3. Nc3 d5 4. d4 Bb4 5. cxd5 exd5 6. Bg5 c6 7. Rc1 Qd6 8. e3
Ne4 9. Bf4 Qe7 10. Be2 O-O 11. O-O Nd7 12. Nxe4 dxe4 13. Nd2 Bxd2 14. Qxd2 Nb6
15. Rc5 f6 16. f3 exf3 17. Bxf3 Be6 18. b3 Rad8 19. Qf2 Bf7 20. Re1 Bg6 21. e4
Rfe8 22. Rcc1 Qb4 23. Rcd1 Rd7 24. Re2 Red8 25. Be3 Re8 26. Qh4 c5 27. Red2 c4
28. d5 cxb3 29. Rd4 Qb5 30. axb3 Qxb3 31. Bf2 Nc4 32. Bg4 Rdd8 33. Be6+ Kh8 34.
R4d3 Qc2 35. Bd4 Ne5 36. Bxe5 fxe5 37. Qg4 Rf8 38. h4 Qf2+ 39. Kh2 Rf4 40. Qg5
Qxh4+ 41. Qxh4 Rxh4+ 42. Kg1 Rd6 43. Rc3 h5 44. Rc7 Rxe4 45. Rxb7 Re2 46. Rd7
Rxd7 47. Bxd7 Bc2 48. Rf1 Be4 49. Rf8+ Kh7 50. d6 Rxg2+ 51. Kf1 Rd2 52. Rd8 a5
53. Be6 Kg6 54. Ke1 Rd4 55. Bd7 a4 56. Be8+ Kf6 57. Bxh5 a3 58. Rf8+ Kg5 59.
Bf7 Rxd6 60. Re8 Kf4 61. Rh8 Rh6 62. Rb8 a2 0-1

[Event "SR 2. liga A 2007/2008"]
[Site "?"]
[Date "2008.02.03"]
[Round "9.2"]
[White "Biro, Karol"]
[Black "Polasek, Filip"]
[Result "1-0"]
[WhiteElo "2188"]
[BlackElo "2102"]
[Annotator " , "]
[PlyCount "101"]
[EventDate "2007.??.??"]
[WhiteTeam "Slovakia"]
[BlackTeam "Slovakia"]
[WhiteTeamCountry "SVK"]
[BlackTeamCountry "SVK"]
[TimeControl "240+2"]

{158MB, N200109SVK} 1. c4 {0} e6 2. Nf3 d5 3. g3 Nf6 4. Bg2 Be7 5. O-O O-O 6.
d4 b6 7. cxd5 exd5 8. Nc3 Bb7 9. Ne5 Nbd7 10. Qa4 c5 11. Nxd7 Qxd7 12. Qxd7
Nxd7 13. Nxd5 Bxd5 14. Bxd5 Rad8 15. dxc5 Nxc5 16. Rd1 Bf6 17. Rb1 Rfe8 18. Be3
Na4 19. Bb3 Nxb2 20. Rxd8 Rxd8 21. Rc1 h6 22. Rc7 Nd1 23. Rxf7 Nxe3 24. Rxf6+
Kh8 25. Rf7 Nd1 26. Rxa7 Nc3 27. e3 Rd2 28. Bf7 g5 29. Bh5 Rxa2 30. Rxa2 Nxa2
31. Kf1 Nc3 32. Ke1 Kg7 33. f4 gxf4 34. gxf4 Kf6 35. Bf3 Kf5 36. Kd2 Na4 37. h3
Nc5 38. Kc3 b5 39. Bd5 Nd7 40. Kd4 Nf6 41. Bf3 b4 42. Bd1 Ne8 43. Bc2+ Kf6 44.
e4 Nc7 45. e5+ Ke7 46. f5 Nb5+ 47. Kc5 Nc3 48. Kxb4 Nd5+ 49. Kc5 Nf4 50. Bb3
Nh5 51. Kc6 1-0

[Event "SR 2. liga A 2007/2008"]
[Site "?"]
[Date "2008.02.04"]
[Round "9.2"]
[White "Klemanic, Emil"]
[Black "Machalova, Erika"]
[Result "1-0"]
[WhiteElo "2273"]
[BlackElo "2094"]
[Annotator ",Kaiko"]
[PlyCount "101"]
[EventDate "2007.??.??"]
[WhiteTeam "Slovakia"]
[BlackTeam "Slovakia"]
[WhiteTeamCountry "SVK"]
[BlackTeamCountry "SVK"]
[TimeControl "240+2"]

{74MB, Hiarcs10.ctg} 1. e4 c5 2. Nc3 d6 3. f4 g6 4. Nf3 Bg7 5. g3 e6 6. Bg2 Nc6
7. d3 Nge7 8. O-O O-O 9. Be3 Nd4 10. Qd2 Nec6 11. Nd1 Rb8 12. c3 Nxf3+ 13. Bxf3
Qa5 14. Nf2 Bd7 15. a3 Qc7 16. b4 b6 17. d4 Ne7 18. g4 f5 19. gxf5 gxf5 20. e5
cxb4 21. cxb4 Bc6 22. Rac1 Qd7 23. Bxc6 Nxc6 24. d5 Ne7 25. dxe6 Qxe6 26. exd6
Nd5 27. Bd4 Bxd4 28. Qxd4 Ne3 29. Nd3 Nxf1 30. Kxf1 Rbd8 31. Rc7 Qh6 32. d7
Qh3+ 33. Ke1 Qxh2 34. Qd5+ Kh8 35. Qe5+ Kg8 36. Qe6+ Kh8 37. Rc8 Qh1+ 38. Kd2
Qh4 39. Rxd8 Rxd8 40. Qxf5 Qh2+ 41. Kc3 Qh4 42. Ne5 Kg7 43. Qf7+ Kh6 44. Kd4 a5
45. Kd5 axb4 46. axb4 Ra8 47. Kd6 b5 48. Qe6+ Kh5 49. Qe8+ Kh6 50. Qxa8 Qf6+
51. Kd5 1-0

[Event "SR 2. liga A 2007/2008"]
[Site "?"]
[Date "????.??.??"]
[Round "9.2"]
[White "Ochrana, Ladislav"]
[Black "Skreno, Vladimir"]
[Result "0-1"]
[WhiteElo "2083"]
[BlackElo "2063"]
[Annotator "Jurcak"]
[PlyCount "120"]
[EventDate "2007.??.??"]
[WhiteTeam "Slovakia"]
[BlackTeam "Slovakia"]
[WhiteTeamCountry "SVK"]
[BlackTeamCountry "SVK"]

1. d4 Nf6 2. c4 g6 3. Nc3 Bg7 4. e4 d6 5. Bd3 e5 6. Nge2 O-O 7. f3 exd4 8. Nxd4
Nc6 9. Be3 Ng4 10. Nxc6 Nxe3 11. Nxd8 Nxd1 12. Nxd1 Rxd8 13. Rc1 Bd4 14. b3 Re8
15. Kd2 Bd7 16. Bb1 a5 17. Kd3 Bc5 18. Nc3 c6 19. Na4 Ba7 20. Rhe1 Rad8 21. Kc3
b5 22. Nb2 d5 23. exd5 Be3 24. Rcd1 b4+ 25. Kc2 Bf5+ 26. Nd3 cxd5 27. g4 Bd7
28. Nb2 d4 29. Rd3 Bc6 30. Rf1 f5 31. h3 fxg4 32. hxg4 Rf8 33. Nd1 Rde8 34.
Nxe3 dxe3 35. Re1 Rxf3 36. Rd4 Rf2+ 37. Kc1 Kg7 38. Rd3 e2 39. Kd2 Bf3 40. g5
Bg4 41. Rd5 Bf5 42. Bxf5 gxf5 43. c5 f4 44. c6 f3 45. c7 Rc8 46. Rc5 Kg6 47.
Rcc1 Kxg5 48. Ke3 Rf1 49. Rxf1 exf1=Q 50. Rxf1 Rxc7 51. Rg1+ Kf5 52. Rh1 Rc3+
53. Kf2 Ke4 54. Rh4+ Kd3 55. Kxf3 Kc2+ 56. Ke4 Kb2 57. Rxh7 Kxa2 58. Rh5 a4 59.
bxa4 b3 60. Kd4 Rc8 0-1

[Event "SR 2. liga A 2007/2008"]
[Site "?"]
[Date "2008.02.03"]
[Round "9.2"]
[White "Petenyi, Tamas"]
[Black "Pacher, Milan"]
[Result "1-0"]
[WhiteElo "2196"]
[BlackElo "2328"]
[PlyCount "73"]
[EventDate "2007.??.??"]
[WhiteTeam "Slovakia"]
[BlackTeam "Slovakia"]
[WhiteTeamCountry "SVK"]
[BlackTeamCountry "SVK"]

1. e4 e5 2. Nf3 Nc6 3. Bb5 a6 4. Ba4 Nf6 5. O-O Be7 6. Re1 b5 7. Bb3 d6 8. c3
O-O 9. h3 Na5 10. Bc2 c5 11. d4 Qc7 12. Nbd2 cxd4 13. cxd4 Nc6 14. Nb3 a5 15.
Be3 a4 16. Nbd2 Bd7 17. Rc1 Qb7 18. a3 Bd8 19. Qe2 Re8 20. Bd3 Rb8 21. dxe5
dxe5 22. Rc5 Nd4 23. Qd1 Bc7 24. Bxd4 exd4 25. e5 Bb6 26. Rc1 Nd5 27. Ne4 Rec8
28. Rxc8+ Qxc8 29. Nd6 Qd8 30. Bxh7+ Kxh7 31. Nxf7 Qc7 32. N3g5+ Kg6 33. e6 Be8
34. Qd3+ Kf6 35. e7 Nf4 36. Qe4 d3 37. Qe6+ 1-0

[Event "SR 2. liga A 2007/2008"]
[Site "?"]
[Date "2008.02.03"]
[Round "9.3"]
[White "Bury, Rastislav"]
[Black "Blatnicky, Miroslav"]
[Result "1/2-1/2"]
[WhiteElo "2138"]
[BlackElo "2147"]
[PlyCount "109"]
[EventDate "2007.??.??"]
[WhiteTeam "Slavia STU"]
[BlackTeam "Piestany"]
[WhiteTeamCountry "SVK"]
[BlackTeamCountry "SVK"]

1. Nf3 d5 2. g3 c5 3. Bg2 Nc6 4. d4 cxd4 5. Nxd4 e5 6. Nxc6 bxc6 7. O-O Nf6 8.
c4 Be7 9. Nc3 Be6 10. Bg5 e4 11. Qa4 Bd7 12. Rad1 O-O 13. Qc2 Qc7 14. cxd5 cxd5
15. Bxf6 Bxf6 16. Rxd5 Bc6 17. Nxe4 Be7 18. Rd3 Rac8 19. Rc3 Qb6 20. Rc1 Bxe4
21. Bxe4 Rxc3 22. bxc3 g6 23. Rb1 Qc5 24. c4 Rc8 25. Rb7 Bf6 26. Qa4 Bd4 27.
Qd7 Bxf2+ 28. Kg2 Rf8 29. Qd5 Qe3 30. Qd3 Kg7 31. Rc7 Qb6 32. Rc6 Qd4 33. c5
Re8 34. Qxd4+ Bxd4 35. Bd3 Re5 36. a4 Rxc5 37. Rxc5 Bxc5 38. a5 Kf6 39. Kf3 Ke5
40. g4 Be7 41. a6 h6 42. Bc4 f5 43. gxf5 Kxf5 44. e4+ Ke5 45. Bf7 Kf6 46. Bd5
g5 47. Kg4 Kg6 48. e5 h5+ 49. Kg3 Kf5 50. e6 Bd6+ 51. Kg2 Ke5 52. Bb3 Kf4 53.
Bd1 g4 54. h3 gxh3+ 55. Kxh3 1/2-1/2

[Event "SR 2. liga A 2007/2008"]
[Site "?"]
[Date "????.??.??"]
[Round "9.3"]
[White "Gajarsky, Roman"]
[Black "Antala, Jan"]
[Result "0-1"]
[WhiteElo "1981"]
[BlackElo "1942"]
[PlyCount "91"]
[EventDate "2007.??.??"]
[WhiteTeam "Slovakia"]
[BlackTeam "Slovakia"]
[WhiteTeamCountry "SVK"]
[BlackTeamCountry "SVK"]

1. e4 e6 2. d4 d5 3. e5 c5 4. c3 Nc6 5. Nf3 Qb6 6. Bd3 cxd4 7. cxd4 Bb4+ 8. Nc3
Bd7 9. Be3 Nge7 10. O-O Bxc3 11. bxc3 Qc7 12. Rc1 Na5 13. Nd2 b5 14. f4 g6 15.
g4 Nc4 16. Nxc4 dxc4 17. Be4 Bc6 18. Qf3 Bxe4 19. Qxe4 Qc6 20. Qxc6+ Nxc6 21.
f5 gxf5 22. gxf5 Rg8+ 23. Kh1 Ne7 24. fxe6 fxe6 25. Rf6 Rg6 26. Rcf1 Nf5 27.
Rxg6 hxg6 28. Bd2 Kd7 29. Rg1 Rg8 30. Rg4 Kc6 31. h4 Kd5 32. a3 a5 33. Kg2 Rc8
34. Kf2 b4 35. axb4 axb4 36. Rxg6 Nxh4 37. Rg7 b3 38. Rb7 Rg8 39. Be1 Ke4 40.
Ke2 Ng2 41. Bd2 Nf4+ 42. Bxf4 Kxf4 43. Rb4 Rg2+ 44. Kf1 Rc2 45. Rxc4 b2 46. d5+
0-1

[Event "SR 2. liga A 2007/2008"]
[Site "?"]
[Date "2008.02.03"]
[Round "9.3"]
[White "Hecko, Dusan"]
[Black "Gazi, Mikulas"]
[Result "1/2-1/2"]
[WhiteElo "2123"]
[BlackElo "2184"]
[Annotator "Fritz 9 (20s)"]
[PlyCount "139"]
[EventDate "2007.??.??"]
[WhiteTeam "Slovakia"]
[BlackTeam "Slovakia"]
[WhiteTeamCountry "SVK"]
[BlackTeamCountry "SVK"]

{A38: Symmetrical English vs ...g6: 4 Bg2 Bg7 5 Nf3 Nf6} 1. Nf3 c5 2. c4 Nf6 3.
Nc3 g6 4. g3 Bg7 5. Bg2 O-O 6. O-O Nc6 7. d3 d5 8. cxd5 Nxd5 9. Bd2 Bg4 ({
kniz. Fritz} 9... Nc7 10. a3) 10. Rc1 Nxc3 11. Bxc3 Nd4 12. Nxd4 (12. e3 $5 {
vyzera ako lepsia alternativa} Nxf3+ 13. Bxf3 Bxf3 14. Qxf3 $14) 12... cxd4 $11
13. Bb4 Qd7 14. Qd2 Rac8 15. b3 Rfd8 16. f3 Bf5 17. Rxc8 Rxc8 18. Rc1 e5 19.
Ba3 h5 20. Rxc8+ Qxc8 21. Qc1 Qc3 22. f4 b5 23. fxe5 Bxe5 24. Kf2 h4 25. Qh6 (
25. gxh4 Bxh2 26. Bb2 Qxc1 27. Bxc1 Be5 $11) 25... hxg3+ 26. hxg3 b4 27. Bc1
Qc2 28. Bd2 a5 29. Bd5 $11 Qc5 30. Bc4 Qe7 31. Qg5 Bf6 32. Qf4 Bh3 33. Qe4 Kg7
34. Qxe7 Bxe7 35. Bf4 Bd7 36. Be5+ $16 Bf6 37. Bc7 a4 38. Bd6 Bg5 39. Bxb4 Be3+
40. Ke1 f5 41. bxa4 Bxa4 42. Bd5 $2 {
Zaciatok problemov. Strata casu. Bolo treba hrat jednoducho: Sb3} Kf6 43. Bd6
g5 44. Kf1 g4 45. Ke1 Kg5 46. Be5 Kg6 47. Kf1 Kg5 48. Bb3 $18 Bc6 49. a4 f4 50.
a5 (50. gxf4+ $4 Kf5 $19) 50... fxg3 51. Bxg3 Bf4 52. Bf2 (52. Bxf4+ $142 $5
Kxf4 53. a6 Kf5 $18) 52... Be5 53. e3 dxe3 54. Bxe3+ Bf4 55. Bg1 g3 56. a6 g2+
$16 57. Ke2 Kh4 58. Be6 Kg3 $16 59. a7 Bf3+ $11 60. Ke1 Bd6 61. Kd2 Bb4+ 62.
Kc2 Be1 63. Bf5 Ba8 $4 ({mohlo partiu zachranit} 63... Bf2 $142 {
would save the game} 64. Be4 Bxe4 65. Bxf2+ Kxf2 66. dxe4 g1=Q $11) 64. Be4 $18
Bf2 65. Bxg2 $2 {zahadzuje vyhru} (65. Bxf2+ $142 Kxf2 66. Bxa8 $18) 65... Kxg2
$11 66. Bxf2 Kxf2 67. Kc3 Ke3 68. Kc4 Kf4 69. Kc5 Ke3 70. d4 1/2-1/2

[Event "SR 2. liga A 2007/2008"]
[Site "?"]
[Date "2008.02.03"]
[Round "9.3"]
[White "Kleman, Miroslav"]
[Black "Csiba, Dominik"]
[Result "1/2-1/2"]
[WhiteElo "2097"]
[BlackElo "2131"]
[PlyCount "141"]
[EventDate "2007.??.??"]
[WhiteTeam "Slovakia"]
[BlackTeam "Slovakia"]
[WhiteTeamCountry "SVK"]
[BlackTeamCountry "SVK"]

1. c4 Nf6 2. g3 g6 3. Bg2 d5 4. Nf3 Bg7 5. O-O O-O 6. cxd5 Nxd5 7. Nc3 Nc6 8.
Qb3 Nb6 9. d3 e5 10. Bg5 Nd4 11. Nxd4 Qxg5 12. Nf3 Qe7 13. Rfd1 Be6 14. Qc2
Rad8 15. Ne4 Nd5 16. a3 Bc8 17. Rac1 Rfe8 18. b4 a5 19. bxa5 Qxa3 20. Ra1 Qe7
21. Rac1 Qb4 22. Qd2 Qxd2 23. Nfxd2 f5 24. Nc5 e4 25. Nb1 e3 26. f4 b6 27. axb6
cxb6 28. Na4 Be6 29. Bxd5 Rxd5 30. Nxb6 Rb5 31. Nc4 Rb3 32. Ne5 Rb2 33. Kf1 Bb3
34. Nc4 Bxd1 35. Nxb2 Bb3 36. Nc4 Rc8 37. Nba3 Ba2 38. Kg2 Kf8 39. Rf1 Bd4 40.
Nc2 Bxc4 41. Nxd4 Bd5+ 42. Kg1 Ke7 43. Ra1 Rc7 44. h3 h5 45. Kh2 Rb7 46. Kg1
Rc7 47. Kf1 Kf6 48. h4 Ke7 49. Ke1 Rc3 50. Kd1 Kf7 51. Rc1 Bb3+ 52. Nxb3 Rxb3
53. Rc7+ Kf6 54. Kc2 Ra3 55. Kb2 Ra5 56. Rc6+ Kf7 57. Rc3 Ke6 58. Rc6+ Kf7 59.
d4 Ra4 60. Rc3 Rxd4 61. Rxe3 Re4 62. Rxe4 fxe4 63. Kc3 Kf6 64. Kd4 Kf5 65. e3
Kg4 66. Kxe4 Kxg3 67. f5 gxf5+ 68. Kxf5 Kxh4 69. Kf4 Kh3 70. Kf3 Kh4 71. Kf4
1/2-1/2

[Event "SR 2. liga A 2007/2008"]
[Site "?"]
[Date "2008.02.04"]
[Round "9.3"]
[White "Magyar, Frantisek"]
[Black "Hartl, Jan"]
[Result "0-1"]
[WhiteElo "2031"]
[BlackElo "2186"]
[Annotator ",Kaiko"]
[PlyCount "86"]
[EventDate "2007.??.??"]
[WhiteTeam "Slovakia"]
[BlackTeam "Slovakia"]
[WhiteTeamCountry "SVK"]
[BlackTeamCountry "SVK"]
[TimeControl "240+2"]

{74MB, Hiarcs10.ctg} 1. e4 d6 2. c4 c5 3. Nc3 Nc6 4. g3 g6 5. Bg2 Bg7 6. d3 f5
7. Nge2 Nf6 8. O-O O-O 9. a3 Qe8 10. Nd5 Qf7 11. Nec3 e6 12. Nxf6+ Bxf6 13. Rb1
a6 14. exf5 gxf5 15. Bh6 Rd8 16. Qd2 Rb8 17. Bg5 Ne5 18. Bxf6 Qxf6 19. b4 b6
20. Ne2 Ng6 21. f4 Bd7 22. d4 cxd4 23. Nxd4 Rbc8 24. Rfc1 Rc7 25. Rb3 Kf7 26.
Rbc3 Rdc8 27. Nf3 d5 28. Ng5+ Kg7 29. c5 bxc5 30. bxc5 h6 31. Nf3 Bb5 32. Qe3
Ne7 33. Nd4 Kf7 34. Bf3 Nc6 35. Nxc6 Rxc6 36. Qe5 Qxe5 37. fxe5 R6c7 38. Kf2
Bc4 39. Be2 Rxc5 40. Ke3 d4+ 41. Kxd4 Rd5+ 42. Ke3 Rxe5+ 43. Kd4 Re4# 0-1

[Event "SR 2. liga A 2007/2008"]
[Site "?"]
[Date "2008.02.03"]
[Round "9.4"]
[White "Janos, Ivan"]
[Black "Pasko, Peter"]
[Result "1-0"]
[WhiteElo "2128"]
[BlackElo "2086"]
[Annotator ",Kaiko"]
[PlyCount "71"]
[EventDate "2007.??.??"]
[WhiteTeam "Slovakia"]
[BlackTeam "Slovakia"]
[WhiteTeamCountry "SVK"]
[BlackTeamCountry "SVK"]
[TimeControl "240+2"]

{74MB, Hiarcs10.ctg} 1. e4 c5 2. Nf3 d6 3. d4 cxd4 4. Nxd4 Nf6 5. Nc3 a6 6. Bg5
e6 7. f4 Be7 8. Qf3 Qc7 9. O-O-O Nbd7 10. g4 b5 11. Bxf6 gxf6 12. f5 Ne5 13.
Qh3 Bd7 14. g5 b4 15. fxe6 bxc3 16. exd7+ Nxd7 17. Nf5 cxb2+ 18. Kb1 fxg5 19.
e5 Nxe5 20. Bd3 h5 21. Rhe1 Kf8 22. Qg2 Rd8 23. Qd5 Bf6 24. Rf1 Nxd3 25. Rxd3
Be5 26. Rdf3 f6 27. Nd4 Qf7 28. Ne6+ Kg8 29. Qe4 Qxe6 30. Qg6+ Kf8 31. Rxf6+
Bxf6 32. Rxf6+ Qxf6 33. Qxf6+ Ke8 34. Qe6+ Kf8 35. Qf6+ Ke8 36. Qxh8+ 1-0

[Event "SR 2. liga A 2007/2008"]
[Site "?"]
[Date "????.??.??"]
[Round "9.4"]
[White "Jurcak, Marian"]
[Black "Peska, Juraj"]
[Result "1-0"]
[WhiteElo "1922"]
[BlackElo "1968"]
[PlyCount "91"]
[EventDate "2007.??.??"]
[WhiteTeam "Slovakia"]
[BlackTeam "Slovakia"]
[WhiteTeamCountry "SVK"]
[BlackTeamCountry "SVK"]

1. e4 e5 2. Nf3 d6 3. d4 exd4 4. Nxd4 Nf6 5. Bg5 Be7 6. Nf5 Bxf5 7. exf5 Ne4 8.
Be3 Nc6 9. f3 Nf6 10. Nc3 Qd7 11. g4 h6 12. Bg2 O-O-O 13. Qe2 Rhe8 14. O-O-O d5
15. Qb5 a6 16. Qa4 Bb4 17. Bd2 Bxc3 18. Bxc3 d4 19. h4 Re2 20. Bh3 Qd5 21. g5
hxg5 22. hxg5 Ne8 23. Bg4 Qc5 24. f6+ Kb8 25. fxg7 Qxg5+ 26. Bd2 Qxg7 27. Rhg1
Nf6 28. Bd7 Qf8 29. Bxc6 bxc6 30. Qxa6 Re6 31. Rg5 Nd5 32. a3 Qc5 33. Qd3 Qb6
34. Rf5 f6 35. Rh5 Kc8 36. Qf5 Rde8 37. Re1 Ne3 38. Bxe3 dxe3 39. Rh4 c5 40.
Re4 Qd6 41. R4xe3 Kd7 42. Rxe6 Rxe6 43. Rd1 Ke7 44. Qh7+ Kf8 45. Rxd6 cxd6 46.
Qd7 1-0

[Event "SR 2. liga A 2007/2008"]
[Site "?"]
[Date "2008.02.03"]
[Round "9.4"]
[White "Lesny, Stefan"]
[Black "Polacik, Igor"]
[Result "1/2-1/2"]
[WhiteElo "2104"]
[BlackElo "2130"]
[PlyCount "48"]
[EventDate "2007.??.??"]
[WhiteTeam "Slovakia"]
[BlackTeam "Slovakia"]
[WhiteTeamCountry "SVK"]
[BlackTeamCountry "SVK"]

1. e4 c5 2. f4 Nc6 3. Nf3 g6 4. c3 d5 5. e5 Bg4 6. d3 e6 7. Be2 Nh6 8. O-O Nf5
9. Qe1 Be7 10. h3 Bxf3 11. Rxf3 h5 12. g3 Rb8 13. Nd2 b5 14. Nf1 b4 15. Qd1
bxc3 16. bxc3 Qa5 17. Qd2 f6 18. g4 hxg4 19. hxg4 Ng7 20. Bb2 fxe5 21. Qc2 d4
22. fxe5 Nxe5 23. Rf4 Qb6 24. Bc1 Nd7 1/2-1/2